| 000 | 00638nam a22001937a 4500 | ||
|---|---|---|---|
| 005 | 20230927143537.0 | ||
| 010 | _aB-755563 CHEN 25.5.23 | ||
| 020 |
_a9780143447412 _c250.00 |
||
| 035 | _aB-755563 | ||
| 037 | _bAakar | ||
| 082 | _aS | ||
| 100 |
_aGupta, Subhadra Sen _957558 |
||
| 245 |
_aLet's Go Time Travelling Again: _bIndians Through The Ages/ _cSubhadra Sen Gupta |
||
| 260 |
_aHaryana _bPenguin Books India Pvt Ltd _c2021 |
||
| 270 |
_a4th Floor, Capital Tower 1, MG Road, _bGurugram _e122002 |
||
| 300 |
_a184p. _c23cm(pbk) |
||
| 942 |
_2ddc _cCH _mGUP _hS |
||
| 999 |
_c196302 _d196302 |
||